[Event "World Rapid Team 2023"]
[Site "Dusseldorf GER"]
[Date "2023.08.27"]
[Round "5.9"]
[Board "4"]
[White "Najer, Evgeniy"]
[Black "Praggnanandhaa, R"]
[Result "0-1"]
[WhiteTitle "GM"]
[BlackTitle "GM"]
[WhiteElo "2648"]
[BlackElo "2707"]
[WhiteTeam "Freedom"]
[BlackTeam "WR Chess"]
[WhiteFideId "4118987"]
[BlackFideId "25059530"]
[EventDate "2023.08.26"]

1. e4 e5 2. Nf3 Nc6 3. Bb5 a6 4. Ba4 Bc5 5. c3 Nge7 6. d4 exd4 7. cxd4 Bb4+ 8.
Bd2 Bxd2+ 9. Qxd2 d5 10. exd5 Qxd5 11. Nc3 Qe6+ 12. Qe3 O-O 13. O-O Qd6 14. Rad1
Nb4 15. Ne5 Nbd5 16. Qf3 c6 17. Bb3 h6 18. Rfe1 Be6 19. Ne4 Qc7 20. Nc5 Bc8 21.
h3 a5 22. a3 b6 23. Ne4 Be6 24. Ng3 Rae8 25. Rc1 Qd6 26. Ne4 Qc7 27. Ba4 Bd7 28.
Qg3 Rc8 29. Qf3 f6 30. Nxd7 Qxd7 31. Ng3 Kh8 32. Nh5 Qd6 33. Qg4 g6 34. Ng3 h5
35. Qf3 Kg7 36. Ne4 Qf4 37. Qd3 Rfd8 38. Rcd1 Nf5 39. g3 Qc7 40. Qf3 Re8 41. Kg2
Re7 42. Qd3 h4 43. Nc3 Nde3+ 44. fxe3 0-1

[Event "World Rapid Team 2023"]
[Site "Dusseldorf GER"]
[Date "2023.08.27"]
[Round "5.9"]
[Board "5"]
[White "Hou, Yifan"]
[Black "Shuvalova, Polina"]
[Result "1-0"]
[WhiteTitle "GM"]
[BlackTitle "IM"]
[WhiteElo "2628"]
[BlackElo "2496"]
[WhiteTeam "WR Chess"]
[BlackTeam "Freedom"]
[WhiteFideId "8602980"]
[BlackFideId "24171760"]
[EventDate "2023.08.26"]

1. e4 d5 2. exd5 Qxd5 3. d4 Nc6 4. Nf3 Bg4 5. Be2 O-O-O 6. Nc3 Qf5 7. h3 Bxf3 8.
Bxf3 Nf6 9. Bxc6 Qe6+ 10. Be4 Nxe4 11. O-O Nxc3 12. bxc3 Qc6 13. Qd3 e6 14. Bg5
Rd5 15. Bd2 Be7 16. Rfe1 Bf6 17. a4 Kb8 18. a5 a6 19. Be3 h5 20. Reb1 Ka8 21.
Rb4 g5 22. c4 Rd7 23. Rab1 Rb8 24. c3 g4 25. h4 Be7 26. R4b2 Bf6 27. g3 Qf3 28.
c5 Qc6 29. Qc4 Rd5 30. Rb4 Bg7 31. Qe2 Rd7 32. Qf1 f5 33. Bf4 e5 34. dxe5 Rd5
35. e6 Rxc5 36. e7 Bxc3 37. Bxc7 Bxb4 38. Bxb8 Kxb8 39. Rxb4 Re5 40. Qd1 Re6 1-0

[Event "World Rapid Team 2023"]
[Site "Dusseldorf GER"]
[Date "2023.08.27"]
[Round "5.10"]
[Board "1"]
[White "Namale, Ben Nguku"]
[Black "Lubbe, Nikolas"]
[Result "0-1"]
[WhiteTitle "CM"]
[BlackTitle "IM"]
[WhiteElo "1967"]
[BlackElo "2501"]
[WhiteTeam "Kenya Commercial Bank Chess Club"]
[BlackTeam "Team Chessemy.com"]
[WhiteFideId "10800263"]
[BlackFideId "4694031"]
[EventDate "2023.08.26"]

1. d4 Nf6 2. Bf4 d6 3. Nc3 Nbd7 4. e4 e5 5. dxe5 dxe5 6. Bg5 h6 7. Bh4 Bb4 8. f3
c6 9. Bc4 Qe7 10. Ne2 Nb6 11. Bb3 Be6 12. Nc1 Nc4 13. Bxc4 Bxc4 14. Nd3 Rd8 15.
Qd2 O-O 16. a3 Ba5 17. Rd1 Rd7 18. Qc1 Rfd8 19. Nf2 Qxa3 20. Rxd7 Bxc3+ 0-1

[Event "World Rapid Team 2023"]
[Site "Dusseldorf GER"]
[Date "2023.08.27"]
[Round "5.10"]
[Board "2"]
[White "Koellner, Ruben Gideon"]
[Black "Magana, Ben"]
[Result "1-0"]
[WhiteTitle "IM"]
[BlackTitle "CM"]
[WhiteElo "2478"]
[BlackElo "2020"]
[WhiteTeam "Team Chessemy.com"]
[BlackTeam "Kenya Commercial Bank Chess Club"]
[WhiteFideId "12993093"]
[BlackFideId "10800166"]
[EventDate "2023.08.26"]

1. d4 d5 2. Nf3 Nf6 3. e3 Bg4 4. h3 Bh5 5. g4 Bg6 6. Ne5 Nfd7 7. Nxg6 hxg6 8.
Bg2 e6 9. c4 c6 10. Nc3 dxc4 11. e4 Nb6 12. Be3 Be7 13. Qd2 Na6 14. O-O O-O 15.
a4 Nb4 16. a5 Nd7 17. Qe2 e5 18. d5 Qc8 19. Ra4 cxd5 20. Nxd5 Nxd5 21. exd5 c3
22. bxc3 Nc5 23. Ra2 Bd6 24. Rb1 Qc7 25. Rb5 b6 26. c4 Rfc8 27. h4 Rab8 28. h5
gxh5 29. gxh5 bxa5 30. Raxa5 Rxb5 31. Rxb5 Rb8 32. Rxb8+ Qxb8 33. Qg4 Qb1+ 34.
Kh2 e4+ 35. Kh3 Qg1 36. Qc8+ Kh7 37. Qf5+ Kg8 38. Bf4 Bxf4 39. Qxf4 Nd3 40. Qb8+
Kh7 41. Bxe4+ Kh6 42. Qh8+ 1-0

[Event "World Rapid Team 2023"]
[Site "Dusseldorf GER"]
[Date "2023.08.27"]
[Round "5.10"]
[Board "3"]
[White "Methu, Joseph Muragu"]
[Black "Souleidis, Georgios"]
[Result "1/2-1/2"]
[BlackTitle "IM"]
[WhiteElo "1989"]
[BlackElo "2419"]
[WhiteTeam "Kenya Commercial Bank Chess Club"]
[BlackTeam "Team Chessemy.com"]
[WhiteFideId "10804714"]
[BlackFideId "4206827"]
[EventDate "2023.08.26"]

1. d4 Nf6 2. c4 g6 3. Nc3 Bg7 4. Bf4 O-O 5. e3 c5 6. Nf3 cxd4 7. exd4 d5 8. Be2
Nc6 9. O-O dxc4 10. Bxc4 Na5 11. Be2 Be6 12. Ne5 Rc8 13. Bf3 Nd5 14. Bd2 Nc4 15.
Nxc4 Rxc4 16. Bxd5 Bxd5 17. Be3 Qd7 18. Rc1 Rfc8 19. h3 e6 20. Qd2 b6 21. Rfd1
Bb7 22. Ne2 Rxc1 23. Rxc1 Rxc1+ 24. Qxc1 Qc6 25. Qxc6 Bxc6 26. f3 Kf8 27. Kf2
Ke7 28. Nc3 Kd7 29. Ke2 Bb7 30. Kd2 Ba6 31. g3 f5 32. h4 Bb7 33. Ke2 Bc6 34. g4
h5 35. g5 b5 36. Kf2 b4 37. Ne2 Kd6 38. Nf4 Be8 39. b3 a5 40. Ke2 e5 41. dxe5+
Bxe5 42. Nd3 Bb5 43. Bf2 Kd5 44. Kd2 Bd6 45. Ke3 Bc7 46. Kd2 Bb8 47. Kc2 Bd6 48.
Kd2 Ke6 49. Ke3 Kd5 50. Kd2 a4 51. Kc2 axb3+ 52. axb3 Bc6 53. Be1 Ke6 54. Bxb4
Bxb4 55. Nxb4 Bxf3 56. Kd2 f4 57. Nd3 Kf5 58. Nf2 Bc6 59. b4 Bb5 60. Kc3 Ke5 61.
Kd2 Kd4 62. Ke1 Ke3 63. Nd1+ Kf3 64. Nc3 Kg2 65. Nd5 f3 66. Ne3+ Kg3 67. Nd1
Kxh4 68. Kf2 Kg4 69. Nc3 Bc6 70. b5 Bb7 71. Nd1 h4 72. Ne3+ Kf4 73. b6 h3 74.
Nf1 Kxg5 75. Kg3 Kf5 76. Kxh3 Kf4 77. Kh2 g5 78. Kg1 Ke5 79. Kf2 Kd6 80. Nh2 Kc5
81. Nxf3 Bxf3 82. Kxf3 Kxb6 83. Kg4 Kc6 84. Kxg5 Kd5 1/2-1/2

[Event "World Rapid Team 2023"]
[Site "Dusseldorf GER"]
[Date "2023.08.27"]
[Round "5.10"]
[Board "4"]
[White "Rafiee, Makan"]
[Black "Njoroge, Martin"]
[Result "1-0"]
[WhiteTitle "FM"]
[WhiteElo "2279"]
[BlackElo "1870"]
[WhiteTeam "Team Chessemy.com"]
[BlackTeam "Kenya Commercial Bank Chess Club"]
[WhiteFideId "24609340"]
[BlackFideId "10801952"]
[EventDate "2023.08.26"]

1. e4 d5 2. exd5 Qxd5 3. Nf3 Nf6 4. d4 a6 5. Be2 b5 6. O-O Bb7 7. b3 Qd8 8. c4
c6 9. a4 b4 10. a5 e6 11. c5 Nbd7 12. Bf4 Nd5 13. Bg3 Be7 14. Nbd2 O-O 15. Nc4
N7f6 16. Bd3 Nc3 17. Qc2 h6 18. Nb6 Ra7 19. Rfe1 Nfd5 20. Nc4 Bf6 21. Bd6 Re8
22. Nfe5 Nb5 23. Bh7+ 1-0

[Event "World Rapid Team 2023"]
[Site "Dusseldorf GER"]
[Date "2023.08.27"]
[Round "5.10"]
[Board "5"]
[White "Oluka Robert Mcligeyo"]
[Black "Lubbe, Melanie"]
[Result "0-1"]
[BlackTitle "WGM"]
[WhiteElo "2009"]
[BlackElo "2256"]
[WhiteTeam "Kenya Commercial Bank Chess Club"]
[BlackTeam "Team Chessemy.com"]
[WhiteFideId "10814647"]
[BlackFideId "4690745"]
[EventDate "2023.08.26"]

1. e4 c5 2. Nf3 d6 3. Bb5+ Bd7 4. Bxd7+ Qxd7 5. O-O Nc6 6. c4 g6 7. d4 cxd4 8.
Nxd4 Bg7 9. Be3 Nf6 10. f3 O-O 11. Nc3 Rfc8 12. b3 Ne8 13. Rc1 Nc7 14. Qd2 Ne6
15. Nxe6 fxe6 16. f4 Rf8 17. e5 Rad8 18. Rfd1 Qe8 19. exd6 exd6 20. Nb5 d5 21.
cxd5 Rxd5 22. Qe2 Qd7 23. Rxd5 exd5 24. Rd1 Re8 25. Qd2 a6 26. Nd4 Re4 27. Nf3
d4 28. Bf2 Qd6 29. Qd3 Qxf4 30. Ng5 Re7 31. Qc4+ Kh8 32. Ne6 Qg4 33. Rxd4 Qxe6
34. Qxe6 Rxe6 35. Rd7 Re7 36. Rd2 Bh6 37. Rc2 Be3 38. Bxe3 Rxe3 39. Kf2 Re6 40.
Rd2 Re7 41. h3 Kg7 42. a3 Kf6 43. Rd6+ Ke5 44. Rd2 Nd4 45. b4 Rc7 46. Rd3 Rc2+
47. Kg3 Ke4 48. Rd1 Nf5+ 49. Kh2 Ne3 50. Rd7 Rxg2+ 51. Kh1 Ra2 52. Rxh7 Nf5 53.
Rxb7 Kf3 54. Rb6 Ng3+ 0-1

[Event "World Rapid Team 2023"]
[Site "Dusseldorf GER"]
[Date "2023.08.27"]
[Round "5.10"]
[Board "6"]
[White "Rennkamp, David"]
[Black "Ndirangu, Nyaruai, Joyce"]
[Result "1-0"]
[BlackTitle "WCM"]
[WhiteElo "1738"]
[BlackElo "1719"]
[WhiteTeam "Team Chessemy.com"]
[BlackTeam "Kenya Commercial Bank Chess Club"]
[WhiteFideId "16249526"]
[BlackFideId "10802886"]
[EventDate "2023.08.26"]

1. e4 c5 2. Nc3 g6 3. g3 Bg7 4. Bg2 b6 5. d3 Bb7 6. f4 Nc6 7. Nf3 d6 8. O-O e6
9. Be3 Nge7 10. d4 O-O 11. Ne2 Qc7 12. c3 Rad8 13. Qc2 c4 14. g4 f5 15. Ng5 Qc8
16. gxf5 gxf5 17. e5 d5 18. Ng3 h6 19. Nh3 Kh7 20. Qe2 Rd7 21. Kf2 Qe8 22. Bf3
Ng6 23. Bh5 Qe7 24. Bxg6+ Kxg6 25. Qh5+ Kh7 26. Rg1 Kh8 27. Rg2 Qf7 28. Qf3 Rg8
29. Rag1 Bf8 30. Nh5 Rxg2+ 31. Rxg2 Be7 32. Rg7 Bh4+ 33. Ke2 Qe8 34. Rxd7 Qxd7
35. Bf2 Qe7 36. Bxh4 Qxh4 37. Nf6 Ne7 38. Qg3 Qxg3 39. hxg3 Bc6 40. Kf3 Kg7 41.
g4 fxg4+ 42. Kxg4 Nf5 43. Kf3 b5 44. a3 Kg6 45. Ng1 a5 46. Ne2 Nh4+ 47. Kg3 Nf5+
48. Kf3 Nh4+ 49. Ke3 Ng2+ 50. Kf2 Nh4 51. Ng3 Nf5 52. Kf3 Nh4+ 53. Kg4 Ng2 54.
Kf3 Ne1+ 55. Ke3 Nd3 56. b4 a4 57. Nf1 Ne1 58. Nh2 Ng2+ 59. Kf3 Nh4+ 60. Ke3
Nf5+ 61. Kf2 h5 62. Nf3 h4 63. Ng5 Ng7 64. Kf3 Kf5 65. Nfh7 Be8 66. Nf8 Bh5+ 67.
Ke3 Bg4 68. Nf7 h3 69. Nh6# 1-0

[Event "World Rapid Team 2023"]
[Site "Dusseldorf GER"]
[Date "2023.08.27"]
[Round "5.11"]
[Board "1"]
[White "Baklan, Vladimir"]
[Black "Bologan, Victor"]
[Result "1/2-1/2"]
[WhiteTitle "GM"]
[BlackTitle "GM"]
[WhiteElo "2550"]
[BlackElo "2574"]
[WhiteTeam "Ukrainian Amators"]
[BlackTeam "FIDE Management Board"]
[WhiteFideId "14102196"]
[BlackFideId "13900048"]
[EventDate "2023.08.26"]

1. e4 c5 2. c3 Nf6 3. e5 Nd5 4. Nf3 g6 5. Bc4 Nb6 6. Bb3 Bg7 7. d4 cxd4 8. cxd4
O-O 9. h4 d6 10. h5 dxe5 11. hxg6 hxg6 12. Nxe5 Bxe5 13. dxe5 Qxd1+ 14. Bxd1 Nc6
15. f4 Nb4 16. O-O Rd8 17. Nc3 Be6 18. Be3 Nd3 19. Bb3 Nc4 20. Bxc4 Bxc4 21. b3
Be6 22. Nb5 a6 23. Nc7 Rac8 24. Nxe6 fxe6 25. Rf3 Nb4 26. Bb6 Rd5 27. a3 Nc2 28.
Ra2 Rc6 29. Bf2 b5 30. b4 Rc4 31. Bc5 Kf7 32. Rh3 Rd7 33. Rh7+ Kf8 34. a4 Nxb4
35. Bxb4 Rxb4 36. axb5 Kg8 37. bxa6 Kxh7 38. a7 Rd8 39. a8=Q Rxa8 40. Rxa8 Rxf4
41. Ra7 Rf7 42. Ra6 Kh6 43. Rxe6 Kg5 44. Ra6 Kf5 45. g4+ Kxg4 46. Rxg6+ Kf5 47.
Rg2 Kxe5 48. Re2+ Kd4 49. Rd2+ Ke3 50. Rd5 Kf4 51. Rd7 Kf5 52. Ra7 Ke6 53. Ra6+
Kd5 54. Ra5+ Kd4 55. Ra7 Kd3 56. Kg2 Ke2 57. Ra2+ Ke3 58. Ra3+ Kd4 59. Ra7 Kc5
60. Kg3 Kc6 61. Kg2 Kb6 62. Rd7 Kc6 63. Ra7 Kd6 64. Ra6+ Kd5 65. Ra5+ Ke4 1/2-1/2

[Event "World Rapid Team 2023"]
[Site "Dusseldorf GER"]
[Date "2023.08.27"]
[Round "5.11"]
[Board "2"]
[White "Short, Nigel D"]
[Black "Zavgorodniy, Sergiy"]
[Result "1/2-1/2"]
[WhiteTitle "GM"]
[BlackTitle "IM"]
[WhiteElo "2592"]
[BlackElo "2416"]
[WhiteTeam "FIDE Management Board"]
[BlackTeam "Ukrainian Amators"]
[WhiteFideId "400025"]
[BlackFideId "14110148"]
[EventDate "2023.08.26"]

1. e4 e5 2. Nf3 d6 3. d4 exd4 4. Nxd4 Nf6 5. Nc3 Be7 6. Be2 O-O 7. Bf4 Nc6 8.
O-O Bd7 9. Re1 Re8 10. h3 Nxd4 11. Qxd4 Bc6 12. Rad1 Nd7 13. Nd5 Bxd5 14. Qxd5
c6 15. Qd2 Ne5 16. Be3 Qc7 17. g3 Rad8 18. c4 Bf6 19. f4 Ng6 20. Bf3 Nf8 21. Bf2
Ne6 22. b4 c5 23. bxc5 dxc5 24. Qc1 Bd4 25. e5 Qa5 26. a3 Bxf2+ 27. Kxf2 Nd4 28.
Re3 Nxf3 29. Kxf3 Rd4 30. Red3 Red8 31. Qe3 Qb6 32. Rxd4 cxd4 33. Qd3 Qc6+ 34.
Kf2 h6 1/2-1/2

[Event "World Rapid Team 2023"]
[Site "Dusseldorf GER"]
[Date "2023.08.27"]
[Round "5.11"]
[Board "3"]
[White "Gaponenko, Inna"]
[Black "Al-Mudahka, Mohd"]
[Result "1-0"]
[WhiteTitle "IM"]
[BlackTitle "GM"]
[WhiteElo "2336"]
[BlackElo "2542"]
[WhiteTeam "Ukrainian Amators"]
[BlackTeam "FIDE Management Board"]
[WhiteFideId "14101181"]
[BlackFideId "12100030"]
[EventDate "2023.08.26"]

1. e4 d5 2. exd5 c6 3. d4 cxd5 4. c4 Nc6 5. cxd5 Qxd5 6. Nf3 Bg4 7. Be2 e6 8.
Nc3 Bb4 9. O-O Qa5 10. Be3 Nf6 11. Qb3 O-O 12. h3 Bh5 13. Rfd1 Rfd8 14. Rac1
Rac8 15. a3 Bxc3 16. bxc3 Qc7 17. c4 Na5 18. Qb4 Bxf3 19. Bxf3 b6 20. Bg5 h6 21.
Bxf6 gxf6 22. c5 Qf4 23. Rc3 Nc6 24. Bxc6 Rxc6 25. Rg3+ Kf8 26. cxb6+ Qd6 27.
bxa7 Qxb4 28. axb4 Ra6 29. b5 Rxa7 30. Rb3 Rb7 31. Rb4 Rd5 32. Rdb1 Ke7 33. Kf1
Kd8 34. Ke2 Rbd7 35. b6 Kc8 36. b7+ Kb8 37. Ke3 e5 38. dxe5 Rxe5+ 39. Re4 Rxe4+
40. Kxe4 Rd2 41. Ke3 Rd6 42. Rb2 Re6+ 43. Kf4 Re5 44. Rb6 Re2 45. Kf3 Re7 46.
Rxf6 Kxb7 47. Rxh6 Kc7 48. Rh4 Kd6 49. Rd4+ Kc5 50. Rd2 Re6 51. g4 Kc6 52. h4
Re1 53. Kf4 1-0

[Event "World Rapid Team 2023"]
[Site "Dusseldorf GER"]
[Date "2023.08.27"]
[Round "5.11"]
[Board "4"]
[White "Iashvili, Akaki"]
[Black "Grineva, Marianna"]
[Result "1-0"]
[WhiteTitle "IM"]
[BlackTitle "WFM"]
[WhiteElo "2342"]
[BlackElo "2033"]
[WhiteTeam "FIDE Management Board"]
[BlackTeam "Ukrainian Amators"]
[WhiteFideId "13600281"]
[BlackFideId "14102013"]
[EventDate "2023.08.26"]

1. d4 f5 2. Nc3 d5 3. Bg5 Be6 4. f3 g6 5. e4 fxe4 6. fxe4 c6 7. Nf3 Bg7 8. exd5
Bxd5 9. Nxd5 Qxd5 10. Bd3 Nf6 11. Qe2 Nbd7 12. O-O Qd6 13. Rfe1 Bf8 14. Qd2 Qc7
15. Bc4 O-O-O 16. Be6 Qb6 17. Ne5 Bg7 18. Bxf6 Bxf6 19. Nxd7 Rxd7 20. c3 Rd8 21.
Re2 Kb8 22. Bxd7 Rxd7 23. Rf1 a6 24. Qh6 c5 25. Qxh7 cxd4 26. cxd4 Rxd4 27. Kh1
Rh4 28. Qxg6 Qd6 29. h3 Ka7 30. Qf5 Qc6 31. Qf2+ Ka8 32. Rc2 Qd7 33. Rfc1 Rh8
34. Rc7 Qe6 35. Qf3 Rb8 36. b3 Be5 37. R7c4 Bd6 38. Qe4 Qg8 39. b4 Qg3 40. Kg1
Qh2+ 41. Kf2 Qg3+ 42. Ke2 Qg7 43. Rc8 Qb2+ 44. R1c2 Qf6 45. Rxb8+ Kxb8 46. g4
Qh8 47. g5 Qxh3 48. g6 Qh5+ 49. Kd3 Qb5+ 50. Rc4 Qg5 51. Rc2 Qg3+ 52. Kc4 Be5
53. Kd5 Bf6 54. Ke6 Qh3+ 55. Qf5 Qe3+ 56. Kf7 Qh6 57. Rc8+ Ka7 58. Qf2+ b6 59.
Rc7+ 1-0

[Event "World Rapid Team 2023"]
[Site "Dusseldorf GER"]
[Date "2023.08.27"]
[Round "5.11"]
[Board "5"]
[White "Breest, Axel"]
[Black "Stoisavljevic, Sava"]
[Result "1/2-1/2"]
[BlackTitle "WFM"]
[WhiteElo "1979"]
[BlackElo "2125"]
[WhiteTeam "Ukrainian Amators"]
[BlackTeam "FIDE Management Board"]
[WhiteFideId "24682349"]
[BlackFideId "913545"]
[EventDate "2023.08.26"]

1. e4 c6 2. Nf3 d5 3. d3 dxe4 4. Ng5 Nf6 5. Nc3 Bg4 6. Qd2 e6 7. Ngxe4 Nbd7 8.
Be2 Bxe2 9. Qxe2 Nxe4 10. Nxe4 Nf6 11. Bg5 Be7 12. Nxf6+ Bxf6 13. Bxf6 Qxf6 14.
O-O-O O-O-O 15. g3 h5 16. h4 g6 17. Rhe1 g5 18. hxg5 Qxg5+ 19. Kb1 h4 20. gxh4
Rxh4 21. Qe3 Qxe3 22. fxe3 f5 23. Rf1 Rh3 24. Rde1 Rdh8 25. e4 1/2-1/2

[Event "World Rapid Team 2023"]
[Site "Dusseldorf GER"]
[Date "2023.08.27"]
[Round "5.11"]
[Board "6"]
[White "Ozols, Andris"]
[Black "Vibhor Sharma"]
[Result "0-1"]
[WhiteElo "1490"]
[BlackElo "1853"]
[WhiteTeam "FIDE Management Board"]
[BlackTeam "Ukrainian Amators"]
[WhiteFideId "11605456"]
[BlackFideId "5099366"]
[EventDate "2023.08.26"]

1. e4 c5 2. Nf3 Nc6 3. d4 cxd4 4. Nxd4 g6 5. Nc3 Bg7 6. Be3 Nf6 7. Bc4 O-O 8.
Bb3 a5 9. f3 d6 10. Qd2 Bd7 11. O-O-O Rc8 12. g4 Ne5 13. h4 b5 14. h5 a4 15.
hxg6 axb3 16. gxh7+ Kh8 17. axb3 b4 18. Nd5 Nxd5 19. exd5 Qa5 20. Qh2 Qa1+ 21.
Kd2 Qxb2 22. Ke2 Nxg4 23. fxg4 Bxg4+ 24. Nf3 Rxc2+ 25. Rd2 Rxd2+ 26. Bxd2 Qxb3
27. Qf4 Bxf3+ 28. Qxf3 Qxf3+ 29. Kxf3 b3 30. Rb1 b2 31. Ke4 Ra8 32. Kd3 Ra1 33.
Kc2 Bf6 34. Re1 Kxh7 35. Rb1 Kg6 0-1

[Event "World Rapid Team 2023"]
[Site "Dusseldorf GER"]
[Date "2023.08.27"]
[Round "5.12"]
[Board "1"]
[White "Zuferi, Enis"]
[Black "Seel, Christian"]
[Result "1-0"]
[WhiteTitle "FM"]
[BlackTitle "IM"]
[WhiteElo "2367"]
[BlackElo "2477"]
[WhiteTeam "Heilbronn Hustlers"]
[BlackTeam "Aachener Schachverein von 1856"]
[WhiteFideId "24692530"]
[BlackFideId "4663098"]
[EventDate "2023.08.26"]

1. d4 d6 2. c4 e5 3. d5 f5 4. e4 Nf6 5. Nc3 g6 6. Bd3 Bg7 7. Bg5 h6 8. Bd2 O-O
9. Qc2 Na6 10. a3 Nc5 11. Nge2 fxe4 12. Nxe4 Nxd3+ 13. Qxd3 Bf5 14. Nxf6+ Qxf6
15. Qe3 Qh4 16. Rc1 a5 17. O-O b6 18. Qg3 Qe7 19. Rfe1 Kh7 20. Qe3 Rf7 21. b4
axb4 22. axb4 Rff8 23. c5 bxc5 24. bxc5 Qf7 25. cxd6 cxd6 26. Bb4 Rfd8 27. Red1
Qb7 28. Bc3 h5 29. Ra1 Bh6 30. Qg3 Qb5 31. Qf3 Bg7 32. h3 Qb3 33. Qe3 Rdc8 34.
Kh2 Rxa1 35. Rxa1 Qxd5 36. Ra7 Qc5 37. Qxc5 Rxc5 38. Bb4 Rc6 39. Nc3 Rc4 40. Nd5
Kh6 41. Bd2+ g5 42. Bxg5+ Kxg5 43. Rxg7+ Kh6 44. Rf7 Kg6 45. Rxf5 Kxf5 46. Ne3+
Ke4 47. Nxc4 d5 48. Nd6+ Kf4 49. Kg1 e4 50. Kf1 Ke5 51. Nxe4 Kxe4 52. Ke2 d4 53.
g3 d3+ 54. Kd2 Kf3 55. Kxd3 Kxf2 56. g4 h4 57. g5 Kg3 58. g6 Kxh3 59. g7 Kh2 60.
g8=Q h3 61. Ke2 Kh1 62. Kf2 h2 63. Qg2# 1-0

[Event "World Rapid Team 2023"]
[Site "Dusseldorf GER"]
[Date "2023.08.27"]
[Round "5.12"]
[Board "2"]
[White "Vandenbussche, Thibaut"]
[Black "Wenninger, Philipp"]
[Result "1-0"]
[WhiteTitle "IM"]
[WhiteElo "2439"]
[BlackElo "2374"]
[WhiteTeam "Aachener Schachverein von 1856"]
[BlackTeam "Heilbronn Hustlers"]
[WhiteFideId "204412"]
[BlackFideId "4648404"]
[EventDate "2023.08.26"]

1. e4 c6 2. d4 d5 3. e5 Bf5 4. h4 h5 5. c4 e6 6. Nc3 Nd7 7. cxd5 cxd5 8. Bd3
Bxd3 9. Qxd3 Ne7 10. Nf3 Nf5 11. Nxd5 Nxe5 12. dxe5 Qxd5 13. Qxd5 exd5 14. Bg5
Bb4+ 15. Ke2 Be7 16. Rac1 Bxg5 17. hxg5 Kd7 18. Rhd1 Ne7 19. Nd4 a6 20. Rc3 Nc6
21. Nf5 g6 22. Nd6 d4 23. Nxb7 Rhe8 24. f4 Rab8 25. Rb3 Ke6 26. Rc1 Na7 27. Rb6+
Kf5 28. Kf3 Re6 29. Nd6+ 1-0

[Event "World Rapid Team 2023"]
[Site "Dusseldorf GER"]
[Date "2023.08.27"]
[Round "5.12"]
[Board "3"]
[White "Geshnizjani, Ramin"]
[Black "Koch, Thomas1"]
[Result "0-1"]
[BlackTitle "IM"]
[WhiteElo "2141"]
[BlackElo "2426"]
[WhiteTeam "Heilbronn Hustlers"]
[BlackTeam "Aachener Schachverein von 1856"]
[WhiteFideId "24633089"]
[BlackFideId "4600533"]
[EventDate "2023.08.26"]

1. e4 c5 2. c3 d5 3. exd5 Qxd5 4. Nf3 e6 5. d4 Nf6 6. Be3 cxd4 7. cxd4 Nc6 8.
Nc3 Qd6 9. Bc4 Be7 10. O-O O-O 11. Qe2 b6 12. Rad1 Nb4 13. Ne5 Bb7 14. Bf4 Qd8
15. Rfe1 Nbd5 16. Bg5 Nxc3 17. bxc3 Ne4 18. Bxe7 Qxe7 19. Qe3 Rac8 20. f3 Nxc3
21. Qxc3 b5 22. Qb3 bxc4 23. Nxc4 Bd5 24. Qa3 Qg5 25. Qe3 Qh4 26. Nd6 Rc2 27.
Rd2 Rc3 28. Qf2 Qe7 29. Ne4 Ra3 30. Rc2 h6 31. Rec1 Qb7 32. Rc7 Qa6 33. Nc5 Qd6
34. Ne4 Qf4 35. R7c2 Bxe4 36. fxe4 Qxe4 37. Rc7 Qd5 38. R1c2 Ra4 39. Rd2 Qd6 40.
Rb7 Qc6 41. Rdb2 Qc4 42. d5 Qxd5 43. Rxa7 Qd1+ 44. Qf1 Qxf1+ 45. Kxf1 Rxa7 0-1

[Event "World Rapid Team 2023"]
[Site "Dusseldorf GER"]
[Date "2023.08.27"]
[Round "5.12"]
[Board "4"]
[White "Klein, Felix"]
[Black "Diller, Daniel"]
[Result "1-0"]
[WhiteTitle "FM"]
[WhiteElo "2300"]
[BlackElo "2120"]
[WhiteTeam "Aachener Schachverein von 1856"]
[BlackTeam "Heilbronn Hustlers"]
[WhiteFideId "24600458"]
[BlackFideId "12908983"]
[EventDate "2023.08.26"]

1. e4 e5 2. Nf3 Nc6 3. Bb5 a6 4. Ba4 Nf6 5. O-O Be7 6. Re1 b5 7. Bb3 O-O 8. a4
Bb7 9. d3 d6 10. Nbd2 Na5 11. Ba2 c5 12. Nf1 Nc6 13. Ng3 Ne8 14. c3 g6 15. Bh6
Ng7 16. Qd2 Qd7 17. Rad1 Bf6 18. Bg5 Bxg5 19. Qxg5 Ne6 20. Qh6 Qe7 21. Nf5 gxf5
22. exf5 Kh8 23. f6 Qd7 24. Ng5 Qd8 1-0

[Event "World Rapid Team 2023"]
[Site "Dusseldorf GER"]
[Date "2023.08.27"]
[Round "5.12"]
[Board "5"]
[White "Schaefer, Daniel"]
[Black "Breitkopf-Lazar, Patrick-Robert"]
[Result "1/2-1/2"]
[WhiteElo "1884"]
[BlackElo "1672"]
[WhiteTeam "Heilbronn Hustlers"]
[BlackTeam "Aachener Schachverein von 1856"]
[WhiteFideId "16235088"]
[BlackFideId "16213742"]
[EventDate "2023.08.26"]

1. d4 Nf6 2. c4 g6 3. g3 Bg7 4. Bg2 d5 5. cxd5 Nxd5 6. e4 Nb6 7. Ne2 O-O 8. O-O
e5 9. dxe5 Bxe5 10. f4 Bg7 11. Nbc3 Bd7 12. b3 Bc6 13. Be3 N8d7 14. Nd4 Rb8 15.
Nxc6 bxc6 16. Rc1 Qe7 17. e5 Rfd8 18. Qc2 c5 19. Ne4 Bf8 20. Nxc5 a5 21. Ne4 a4
22. Rfd1 axb3 23. Qxb3 c5 24. Nd6 Nc8 25. Nb7 Na7 26. Qc2 Rdc8 27. Qa4 Nxe5 28.
fxe5 Rxb7 29. Bxb7 Qxb7 30. Rd7 Qf3 31. Qf4 Qxf4 32. gxf4 Nb5 33. a4 Na3 34. Rc3
c4 35. a5 Bb4 36. Rc1 Bxa5 37. Ra7 Bb4 38. Ra4 Bf8 39. Rc3 Nb5 40. Rcxc4 Rd8 41.
Kf2 h5 42. Rab4 Bxb4 43. Rxb4 Nc3 44. Kf3 Rd1 45. Bd4 Nd5 46. Rb8+ Kg7 47. Ke4
Ne7 48. e6+ f6 49. Rb7 Kf8 50. Bc3 Rd6 51. Bxf6 Rxe6+ 52. Be5 Kf7 53. Kf3 g5 54.
Bd4 g4+ 55. Kf2 Kg6 56. Be5 Kf5 57. Rb5 Kg6 58. Rb8 Nc6 59. Rg8+ Kh7 60. Rg5
Nxe5 61. Rxh5+ Kg6 62. Rxe5 Rxe5 63. fxe5 Kf5 64. Kg3 1/2-1/2